000 00289nam a22001337a 4500
020 _a81-713-0466-4
082 _a894.812.1
_bRAM/V
100 _aVAYALAR
245 _aVAYALAR KRITHIKAL
260 _aKOTTAYAM
_bDC BOOKS
_c2005
300 _a1120
650 _aVAYALAR KRITHIKAL
942 _cBK
999 _c4023
_d4023